00957nam a2200217 a 450000100100000000500170001000800410002704000250006808200180009310000390011124500820015026000360023230000280026849000600029650400320035665000290038883000670041795201160048495201220060099900170072200001374020200929163330.0091130s1977 dr a r 000 0 spa d aDO-SdBNPbspacBNPHU a581.659bJ58p1 aJesús Marcano, Eugenio de93118710aPlantas venenosas en la República Dominicana /cEugenio de Jesús Marcano. aSanto Domingo :bGremio,c1977. a235 p. :bil. ;c21 cm.1 aPublicaciones de la Asociación Médica Dominicanav1 aBibliografía : p. 187-189 4aPlantas venenosas931188 0aPublicaciones de la Asociación Médica Dominicanan1931189 0010718PDaPDbPDcHDd2009-11-30iLF1l0o581.659 J58pp13740-10r2020-06-25w2020-06-25yLFPDZNo se presta 0010718PDaPDbPDcHDd2010-07-16iLF1l0o581.659 J58pp13740-40r2020-06-25te. 2w2020-06-25yLFPDZNo se presta c13353d13353